000
00243nam a2200097Ia 4500
008
230915s9999 xx 000 0 und d
050
_a
HF5635.B44.V.2 2005
100
_a
THOMAS H. BEECHY
245
0
_a
INTERMEDIATE ACCOUNTING VOL.2
942
_c
BK
999
_c
61394
_d
61394